| 000 | 00806cam a2200265 i 4500 | ||
|---|---|---|---|
| 001 | 14010820 | ||
| 005 | 20210812150850.0 | ||
| 008 | 190313s2018 ph 000 0 eng d | ||
| 020 | _a9786218064553 | ||
| 020 | _a6218064557 | ||
| 035 | _a(OCoLC)on1097194553 | ||
| 035 | _a14010820 | ||
| 040 |
_aEYM _beng _cEYM _dOCLCO _dOCLCF _dGZM _dCtY |
||
| 100 | 1 |
_aLopez, Cecilio, _d1898-1979. |
|
| 245 | 1 | 2 |
_aA manual of the Philippine national language / _cby Cecilio Lopez. |
| 250 | _aSecond Edition. | ||
| 260 |
_aManila : _bAklat ng Bayan, _cc2018. |
||
| 300 |
_a330 pages ; _c26 cm |
||
| 336 |
_atext _btxt _2rdacontent |
||
| 337 |
_aunmediated _bn _2rdamedia |
||
| 338 |
_avolume _bnc _2rdacarrier |
||
| 650 | 0 |
_aTagalog language _xGrammar. |
|
| 650 | 7 |
_aTagalog language _xGrammar. _2fast |
|
| 942 |
_2lcc _cBK |
||
| 999 |
_c50033 _d50033 |
||